000
00218 a2200097 4500
020
_a
9788495456311
041
_a
spa
100
_a
Lee Hausner - Jeremy Schlosberg
245
_a
ensena a tu hijo a concentrarse
942
_c
BK
999
_c
2769
_d
2769